Online Catalogue and eLibrary

South Asian peoples identity agenda / (Record no. 439)

MARC details
000 -LEADER
fixed length control field 00567cam a22001814a 4500
001 - CONTROL NUMBER
control field 15203899
005 - DATE AND TIME OF LATEST TRANSACTION
control field 20240220060509.0
008 - FIXED-LENGTH DATA ELEMENTS--GENERAL INFORMATION
fixed length control field 080304s2007 np a 100 0 eng
040 ## - CATALOGING SOURCE (பட்டியலாக்க மூலம்)
Original cataloging agency DLC
Transcribing agency DLC
Modifying agency DLC
082 ## - DDC Classification
DDC Edition Number 22
Class No. 320.9.
Item Number - Author Mark SOU.
245 10 - TITLE STATEMENT
Title South Asian peoples identity agenda /
Statement of responsibility, etc. editors, Prakash Shrestha, Upendra Poudel
260 ## - PUBLICATION, DISTRIBUTION, ETC.
Place of publication, distribution, etc. Kathmandu :
Name of publisher, distributor, etc. South Asia Partnership International,
Date of publication, distribution, etc. 2007.
300 ## - PHYSICAL DESCRIPTION
Extent (e.g. Volumes, Pages etc.) viii, 117 p. :
500 ## - GENERAL NOTE
General note "South Asian Peoples Summit."
700 1# - ADDED ENTRY--PERSONAL NAME
Personal name Shrestha, Prakash.
Relator term (Role) Editor
700 1# - ADDED ENTRY--PERSONAL NAME
Personal name Poudel, Upendra Kumar.
Relator term (Role) Editor
942 ## - Koha item type (Biblio)
Koha item type Books in Stacks (Lending)
Holdings
Lost status Damaged status Collection code Home library Current library Date acquired Full call number Accession Number Item type
    Lending WERC Library WERC Library 02/20/2024 320.9. SOU. 5962 Books in Stacks (Lending)

© WERC Library